000 00352pab a2200157 454500
008 180718b2009 xxu||||| |||| 00| 0 eng d
100 _aDharmendra Kumar
245 _aPushing big box retail in agriculture
260 _c2009
300 _ap.44-46.
362 _aMar
650 _aAgriculture
773 _aSeminar
908 _aN
909 _a82048
999 _c82048
_d82048